000 00925nas a2200289 4500
001 BR9703550
003 BR-BrBNA
005 20231205100317.0
007 ta
008 230509b bl.|||p| |||| 00| 00por d
040 _aBR-BrBNA
_bpor
_cBiblioteca Nacional de Agricultura
041 _a(Pt)
072 _aL72
100 1 _aArantes, G.J.
100 1 _aMarques, A.O.
100 1 _aHoner, M.R.
245 1 _aO carrapato do bovino, Boophilus Microplus, no municipio de Uberlandia, MG: analise da sua resistencia contra carrapaticidas comerciais
650 _aBoi
650 _aCarrapato
650 _aCarrapaticida
650 _aResistencia a Pesticida
650 _aComposto Quimico
650 _aMinas Gerais
773 0 _tRevista Brasileira de Parasitologia Veterinaria (Brazil)
_xISSN 0103-846X
_g(Aug 1995), v. 4(2) p. 89-93
_wBR9703550
909 _a202311
_bLúcia
_c55
_dLúcia Elande
942 _2AGRIS
_n0
_cANA
999 _c155290
_d155290